00641nam a2200169Ia 450000500170000000800410001702000150005808200130007310000180008624500410010426000470014530000170019250001460020994200060035595200950036199900150045620241112025744.0240331s9999 xx 000 0 und d a955809580X bMOOa823 aMoonesinghe,G 0aBuild a Bridge :bFive Short Stories aSri LankabVijitha Yapa Publicationsc2005 axv, 142 p ., aThe short stories in this collection are set against the back drop of the violent conflicts that engulfed Sri Lanka for the past two decades. cL 001040708LaWERCLbWERCLcSSCd2024-03-31l0o 823 MOOp6642r2024-03-31w2024-03-31yL c5728d5728